Religion Quiz

Random Religion or Artist Quiz

Find the Jewish-American Hall of Fame Inductees Quiz Stats

 Plays Quiz Updated Dec 17, 2020

Support Sporcle.
Go Orange.
Score 0/16 Timer 05:00
2 Plays Today
% Correct
Albert Einstein (1970)
96.5%
Barbra Streisand (1997)
95.7%
Ruth Bader Ginsburg (2013)
93.7%
Harry Houdini (1996)
92.6%
Hank Greenberg (1991)
83.8%
Benny Goodman (1989)
81.6%
Jonas Salk (1980)
81.4%
Golda Meir (1978)
79.8%
% Correct
George Gershwin (1972)
76.5%
Arthur Miller (2000)
75.9%
Emma Lazarus (1983)
75.4%
Gertrude Berg a.k.a.
Molly Goldberg (2015)
75%
Joseph Pulitzer (2017)
72.4%
Elie Wiesel (1995)
69.7%
Levi Strauss (1979)
67.4%
Leonard Bernstein (1993)
67.3%

You're not logged in!

Compare scores with friends on all Sporcle quizzes.
OR
Log In
Forgot?

From the Vault

15 in 15: Birds

by pecheneg

Science 15s
Those birds are adorable. We'll take 15 of them, please.
Remove Ads.
Support Sporcle.
Get the best of Sporcle when you Go Orange. This ad-free experience offers more features, more stats, and more fun while also helping to support Sporcle. Thank you for becoming a member.

Show Comments

Extras

Top Quizzes Today


Score Distribution

Your Account Isn't Verified!

In order to create a playlist on Sporcle, you need to verify the email address you used during registration. Go to your Sporcle Settings to finish the process.

Report this User

Report this user for behavior that violates our Community Guidelines.

Details: